Every Song by Sum 41 - Statistics

General Stats
  • This quiz has been taken 356 times
    263 since last reset
  • The average score is 54 of 130
Answer Stats
Album Song % Correct
All Killer No Filler(2001) Fat Lip
91%
All Killer No Filler(2001) In Too Deep
89%
Underclass Hero(2007) Underclass Hero
84%
Chuck(2004) Pieces
83%
Does This Look Infected?(2002) The Hell Song
80%
All Killer No Filler(2001) Motivation
73%
Screaming Bloody Murder(2011) Screaming Bloody Murder
73%
Heaven :x: Hell(2024) Landmines
72%
Does This Look Infected?(2002) Still Waiting
72%
13 Voices(2016) War
72%
Underclass Hero(2007) With Me
70%
Underclass Hero(2007) Walking Disaster
68%
Does This Look Infected?(2002) Over My Head (Better Off Dead)
66%
All Killer No Filler(2001) | Half Hour of Power(2000) Summer
66%
13 Voices(2016) 13 Voices
64%
Chuck(2004) 88
63%
Chuck(2004) No Reason
63%
Chuck(2004) Some Say
61%
Chuck(2004) We're All to Blame
60%
Chuck(2004) Intro
59%
Half Hour of Power(2000) Makes No Difference
56%
Heaven :x: Hell(2024) Dopamine
55%
Chuck(Bonus)(2004) Noots
55%
Screaming Bloody Murder(2011) Jessica Kill
53%
Does This Look Infected?(2002) Mr. Amsterdam
53%
Heaven :x: Hell(2024) Rise Up
53%
Chuck(2004) Angels With Dirty Faces
48%
Underclass Hero(2007) Best of Me
48%
Screaming Bloody Murder(2011) Blood In My Eyes
48%
Heaven :x: Hell(2024) Waiting on a Twist of Fate
48%
Does This Look Infected?(2002) My Direction
47%
Does This Look Infected?(2002) No Brains
47%
Does This Look Infected?(2002) A.N.I.C.
46%
Does This Look Infected?(2002) Hooch
46%
Order in Decline(2019) Out for Blood
46%
Underclass Hero(2007) So Long Goodbye
46%
Underclass Hero(2007) Dear Father
45%
All Killer No Filler(2001) Introduction to Destruction
45%
Order in Decline(2019) Never There
45%
All Killer No Filler(2001) Rhythms
45%
Underclass Hero(2007) The Jester
45%
Screaming Bloody Murder(2011) Skumfuk
44%
Screaming Bloody Murder(2011) Baby You Don't Wanna Know
43%
Screaming Bloody Murder(2011) Crash
43%
All Killer No Filler(2001) Handle This
43%
Heaven :x: Hell(2024) Johnny Libertine
43%
Underclass Hero(2007) Pull the Curtain
43%
Heaven :x: Hell(2024) Radio Silence
43%
Chuck(2004) There's No Solution
43%
Order in Decline(2019) 45 (A Matter of Time)
42%
Order in Decline(2019) Catching Fire
42%
Underclass Hero(2007) Count Your Last Blessings
42%
Heaven :x: Hell(2024) I Can't Wait
42%
13 Voices(2016) Fake My Own Death
42%
All Killer No Filler(2001) Heart Attack
42%
Heaven :x: Hell(2024) Time Won't Wait
42%
Half Hour of Power(2000) Dave's Possessed Hair
41%
Heaven :x: Hell(2024) How the End Begins
41%
Chuck(2004) Slipping Away
41%
Chuck(2004) The Bitter End
41%
All Killer No Filler(2001) Crazy Amanda Bunkface
40%
13 Voices(2016) Goddamn I'm Dead Again
40%
Underclass Hero(2007) Ma Poubelle
40%
Underclass Hero(2007) Speak of the Devil
40%
Does This Look Infected?(2002) All Messed Up
39%
Underclass Hero(2007) March of the Dogs
39%
All Killer No Filler(2001) Pain for Pleasure
39%
Screaming Bloody Murder(2011) Reason to Believe
39%
13 Voices(2016) Twisted by Design
39%
Chuck(2004) Welcome to Hell
39%
13 Voices(2016) A Murder of Crows
38%
13 Voices(2016) Breaking the Chain
38%
Half Hour of Power(2000) Grab the Devil by the Horns and Fuck Him Up the Ass
38%
Screaming Bloody Murder(2011) Happiness Machine
38%
Chuck(2004) I'm Not the One
38%
Half Hour of Power(2000) Machine Gun
38%
All Killer No Filler(2001) Nothing on My Back
38%
Chuck(2004) Open Your Eyes
38%
Does This Look Infected?(2002) Thanks for Nothing
38%
Order in Decline(2019) A Death in the Family
36%
Heaven :x: Hell(2024) Bad Mistake
35%
Underclass Hero(2007) King of Contradiction
35%
Underclass Hero(2007) Confusion and Frustration In Modern Times
34%
Screaming Bloody Murder(2011) Exit Song
34%
All Killer No Filler(2001) All She's Got
33%
Does This Look Infected?(2002) Billy Spleen
33%
Heaven :x: Hell(2024) Future Primitive
33%
Heaven :x: Hell(2024) House of Liars
33%
All Killer No Filler(2001) Never Wake Up
33%
Heaven :x: Hell(2024) Preparasi a Salire
33%
Screaming Bloody Murder(2011) Sick of Everyone
33%
13 Voices(2016) God Save Us All (Death to POP)
32%
Order in Decline(2019) Heads Will Roll
32%
Does This Look Infected?(2002) Hyper-Insomnia-Para-Condrioid
32%
Heaven :x: Hell(2024) It's All Me
32%
Heaven :x: Hell(2024) Over the Edge
32%
Heaven :x: Hell(2024) Stranger in These Times
32%
Screaming Bloody Murder(2011) Holy Image of Lies
31%
Heaven :x: Hell(2024) Not Quite Myself
31%
Half Hour of Power(2000) T.H.T.
31%
13 Voices(Deluxe Edition)(2016) Black Eyes
30%
Screaming Bloody Murder(2011) Time For You to Go
30%
Screaming Bloody Murder(2011) Back Where I Belong
29%
13 Voices(2016) There Will Be Blood
29%
Screaming Bloody Murder(2011) What Am I to Say
29%
Heaven :x: Hell(2024) You Wanted War
29%
Half Hour of Power(2000) 32 Ways to Die
28%
Half Hour of Power(2000) Another Time Around
28%
13 Voices(2016) The Fall and the Rise
28%
Order in Decline(2019) Turning Away
28%
Order in Decline(2019) The People Vs...
27%
Half Hour of Power(2000) Ride the Chariot to the Devil
26%
Order in Decline(2019) The New Sensation
26%
Heaven :x: Hell(2024) I Don't Need Anyone
25%
All the Good Shit(2008) Always
23%
Order in Decline(2019) Eat You Alive
23%
Chuck(Bonus)(2004) Moron
23%
Chuck(Bonus)(2004) Subject to Change
23%
Half Hour of Power(2000) What I Believe
23%
Half Hour of Power(2000) Second Chance for Max Headroom
21%
13 Voices(Deluxe Edition)(2016) Better Days
20%
Underclass Hero(Hidden)(2007) Look at Me
19%
Half Hour of Power(2000) It's What We're All About
18%
Underclass Hero(Bonus)(2007) No Apologies
18%
Screaming Bloody Murder(Bonus)(2011) We're the Same
18%
Underclass Hero(Bonus)(2007) Take a Look at Yourself
17%
Does This Look Infected?(Bonus)(2002) Reign In Pain
13%
Underclass Hero(Bonus)(2007) This is Goodbye
13%
Does This Look Infected?(Bonus)(2002) WWVII Parts 1 & 2
13%
No matching quizzes found
Score Distribution
Percent of People with Each Score
Percentile by Number Answered
Your Score History
You have not taken this quiz since the last reset